Comarcas más grandes de España en un mapa - Estadísticas

Estadísticas generales
  • Esta prueba ha sido intentada 29 veces
  • La puntuación promedio es 6 de 15
Respuestas en el mapa
Las respuestas están codificadas por una escala verde-roja en el mapa de la prueba según el % correcto abajo.
 
Estadísticas de respuestas
Superficie Respuesta % Correcto
3178km² El Bierzo
88%
4579km² La Mancha de Ciudad Real
73%
3488km² La Mancha de Toledo
73%
3612km² Los Pedroches
46%
2821km² Las Merindades
42%
3046km² La Tierra de Campos Palentina
35%
3362km² El Señorío de Molina
31%
3062km² Las Cinco Villas
31%
2812km² El Campo de Montiel
27%
3496km² La Alcúdia
27%
3046km² La Sierra de Huelva
23%
3018km² Los Montes de Toledo
23%
3882km² Los Montes de Toledo de Ciudad Real
23%
3779km² La Sierra Norte de Sevilla
19%
3665km² La Sierra de Alcaraz
8%
No se encontraron pruebas coincidentes
Distribución de puntuación
Porcentaje de gente con cada puntuación
Porcentaje por número respondido
Historial de tus puntuaciones
No has intentado esta prueba.